Madame Bovary Μαντάμ Μποβαρί
Η Έμα Μποβαρί παντρεύεται τον Τσαρλς, έναν γιατρό, για να δραπετεύσει από τη συντηρητική της οικογένεια και ανατροφή. Γρήγορα, όμως, θα βρεθεί να ασφυκτιά μέσα στην έγγαμη ζωή και αναζητά τρόπους για να νικήσει την πλήξη της. Αδιαφορεί για τον αφοσιωμένο σύζυγό της και την κόρη τους, ενώ οι ρομαντικ...
Αποθηκεύτηκε σε:
| Άλλοι συγγραφείς: | , , , , |
|---|---|
| Μορφή: | |
| Γλώσσα: | English Greek |
| Δημοσίευση: |
Αθήνα :
Prooptiki [Εταιρεία διανομής],
[2000]
|
| Σειρά: | BBC classics
|
| Θέματα: | |
| Ετικέτες: |
Προσθήκη ετικέτας
Δεν υπάρχουν, Καταχωρήστε ετικέτα πρώτοι!
|
MARC
| LEADER | 00000cgm a2200000 i 4500 | ||
|---|---|---|---|
| 001 | 1/104695 | ||
| 008 | 090505s2000 gr ||| | || ||eng|| | ||
| 035 | |l 10104514 | ||
| 040 | |a GR-MyUa |b gre |e AACR2 | ||
| 041 | 0 | |a eng |j gre | |
| 082 | 7 | |a 791.437 |2 (22) | |
| 245 | 0 | 0 | |a Madame Bovary |h [μαγνητοσκόπηση] = |b Μαντάμ Μποβαρί / |c director Tim Fywell. |
| 246 | 1 | |i Παράλληλος τίτλος: |a Μαντάμ Μποβαρί | |
| 260 | |a Αθήνα : |b Prooptiki [Εταιρεία διανομής], |c [2000] | ||
| 300 | |a 1 βιντεοδίσκος (152 λεπτ.) : |b ομίλ., έγχρ. ; |c 4 3/4 ίν. | ||
| 490 | 1 | |a (BBC classics) | |
| 500 | |a Μεταδόθηκε πρώτη φορά ως τηλεοπτική σειρά το 2000. | ||
| 508 | |a Παραγωγή, Tony Redston, Bernard Krichefski ; εκτέλεση παραγωγής, Hilary Salmon, David M. Thompson ; σενάριο, Heidi Thomas ; από το μυθιστόρημα του Gustave Flaubert ; μουσική, John Lunn. | ||
| 511 | 0 | |a Frances O'Connor, Hugh Bonneville, Eileen Atkins, Greg Wise, Keith Barron, Hugh Dancy, Trevor Peacock, David Troughton, Joe McGann, Barbara Jefford, Jessica Oyelowo, Joe Roberts, Mary Macleod, Claire Hackett, Phillip Manikum, Willie Ross, Jenny Howe, Marian Diamond, Adam Cooper, Stanley Lebor, Desmond Barrit, Thomas Wheatley, Roy Macready. | |
| 520 | 8 | |a Η Έμα Μποβαρί παντρεύεται τον Τσαρλς, έναν γιατρό, για να δραπετεύσει από τη συντηρητική της οικογένεια και ανατροφή. Γρήγορα, όμως, θα βρεθεί να ασφυκτιά μέσα στην έγγαμη ζωή και αναζητά τρόπους για να νικήσει την πλήξη της. Αδιαφορεί για τον αφοσιωμένο σύζυγό της και την κόρη τους, ενώ οι ρομαντικές της σκέψεις την οδηγούν αναπόφευκτα σε παράνομους δεσμούς. Πρώτος είναι ένας νεαρός φοιτητής που θα αιχμαλωτίσει τη φαντασία της. Ακολουθεί ένας εντυπωσιακός αριστοκράτης, στον οποίο η Έμα, ανακαλύπτοντας τις αληθινές εναλλακτικές στην παντρεμένη ζωή, δίνεται ολόψυχα. Η γυναικεία ματαιοδοξία θα την οδηγήσει σε σπατάλη, κακές συμβουλές και αποφασιστικά αδιέξοξα. | |
| 546 | |a Στα αγγλικά με υπότιτλους στα ελληνικά. | ||
| 655 | 7 | |a Feature films |2 lcgft | |
| 650 | 0 | |a Bovary, Emma (Fictitious character) |v Drama. | |
| 700 | 1 | |a Fywell, Tim, |e drt | |
| 700 | 1 | |a O'Connor, Frances, |d 1967- |e act | |
| 700 | 1 | |a Bonneville, Hugh, |e act | |
| 700 | 1 | |a Wise, Greg, |d 1966- |e act | |
| 700 | 1 | |a Dancy, Hugh, |d 1975- |e act | |
| 830 | 0 | |a BBC classics | |
| 852 | |a INST |b SYROS |c AV |e 20090505 |h 791.437 FYW |p 005500008467 |q 005500008467 |t DVD |y 23 | ||
| 901 | |a BIBL5-2008-1 | ||
| 922 | |a 5ΕΛΗ |b 200709 |c Βιβλιοθήκη Σύρου |d ANACO | ||
| 970 | |a Κοντού |b Παρασκευή |z 05/05/2009 | ||